| 000 | 00552nam a22001937a 4500 | ||
|---|---|---|---|
| 003 | OSt | ||
| 005 | 20180116183056.0 | ||
| 008 | 160926b xxu||||| |||| 00| 0 eng d | ||
| 020 | _a0814401066 | ||
| 040 | _c0 | ||
| 082 | _a658.404 DIN 1993 | ||
| 100 | _aDinsmore,Paul C. | ||
| 245 |
_aThe AMA Handbook of Project Management _cPaul C.Dinsmore |
||
| 260 |
_aNew York _bAMACOM,American Management Association _c1993 |
||
| 300 |
_a489p. _bHB.photo copy |
||
| 440 | _aThe AMA Handbook of Project Management | ||
| 500 | _aphoto copy | ||
| 942 |
_2ddc _cBK |
||
| 999 |
_c351831 _d351831 |
||